The Spanish censuses of Pensacola, 1784-1820 : a genealogical guide to Spanish Pensacola /

Bibliographic Details
Other Authors: Coker, William S., Inglis, G. Douglas
Format: Book
Language:English
Published: Pensacola : Perdido Bay Press, 1980.
Series:Spanish borderlands series ; v. 3.
Subjects:

MARC

Tag First Indicator Second Indicator Subfields
LEADER 00000pam a2200000 a 4500
001 in00000092142
005 20150923131923.0
008 801029s1980 flua b 00100 engm
010 |a  80026615  
020 |a 0933776047 (pbk.) :  |c $20.00 
035 |a (OCoLC)06942453 
035 |9 AAK7219AM 
040 |a DLC  |c DLC  |d m.c.  |d TXA  |d UtOrBLW 
043 |a e-sp---  |a n-us-fl 
049 |a TXAM  |c [1197293] 
050 0 0 |a F319 P4  |b  S62 
082 0 |a 929/.375999  |2 19 
245 0 4 |a The Spanish censuses of Pensacola, 1784-1820 :  |b a genealogical guide to Spanish Pensacola /  |c by William S. Coker and G. Douglas Inglis ; indexes by Polly Coker. 
264 1 |a Pensacola :  |b Perdido Bay Press,  |c 1980. 
300 |a viii, 198 pages :  |b illustrations ;  |c 24 cm. 
336 |a text  |b txt  |2 rdacontent 
337 |a unmediated  |b n  |2 rdamedia 
338 |a volume  |b nc  |2 rdacarrier 
490 1 |a Spanish borderlands series ;  |v v. 3 
500 |a Includes indexes. 
504 |a Bibliography: pages [165]-171. 
650 0 |a Spaniards  |z Florida  |z Pensacola  |x Genealogy. 
651 0 |a Pensacola (Fla.)  |x Census. 
651 0 |a Pensacola (Fla.)  |x Genealogy. 
700 1 |a Coker, William S. 
700 1 |a Inglis, G. Douglas. 
830 0 |a Spanish borderlands series ;  |v v. 3. 
999 |a MARS 
999 f f |s 85962df7-9c72-384f-bfee-202b24c81dac  |i c549543d-c8d8-3453-8456-74a04e519ed0  |t 0 
952 f f |p ric  |a Texas A&M University  |b Rellis Campus  |c Joint Library Facility  |d Remote Storage  |t 0  |e F319 P4 S62  |h Library of Congress classification  |i unmediated -- volume  |m A14806005380 
998 f f |a F319 P4 S62  |t 0  |l Remote Storage